Short stories by modern writers

Uloženo v:
Podrobná bibliografie
Hlavní autor: Jepson, R. W (Autor)
Médium: Kniha
Jazyk:angličtina
Vydáno: Londres Longmans, Green and Co 1949
Témata:
Tagy: Přidat tag
Žádné tagy, Buďte první, kdo vytvoří štítek k tomuto záznamu!

MARC

LEADER 00000nam a2200000 a 4500
001 UCQ3887
003 CL-VaPUC
008 980828e19490000UK |||||||||||||||||eng|d
082 0 4 |a 823.08  |b JEP  |2 21 
100 0 |a Jepson, R. W  |e author  |9 418091 
245 1 0 |a Short stories by modern writers 
300 |a 222 p 
942 |c BK 
945 |d 19980828 00:00:00  |a crobeson 
260 |a Londres  |b Longmans, Green and Co  |c 1949 
650 0 |a Cuentos ingleses  |9 265135 
650 0 |a Literatura inglesa  |9 312907 
650 0 |a Antologías  |9 309836 
583 |a last modification  |c 19980828 00:00:00  |k Rodrigo Vera 
999 |c 274398  |d 274396 
952 |0 0  |1 0  |4 0  |6 823_080000000000000_JEP_1949  |7 0  |8 A  |9 310555  |a BIBEDU  |b BIBEDU  |d 2019-11-20  |i 1459368  |o 823.08 JEP 1949  |p 1459368  |r 2019-11-20  |w 2019-11-20  |y BK  |k LIT 
952 |0 0  |1 0  |4 0  |6 823_080000000000000_JEP_1949  |7 0  |8 A  |9 310556  |a BIBEDU  |b BIBEDU  |d 2019-11-20  |i 1467107  |o 823.08 JEP 1949  |p 1467107  |r 2019-11-20  |w 2019-11-20  |y BK  |k LIT 
952 |0 0  |1 0  |4 0  |6 823_080000000000000_JEP_1949  |7 0  |8 A  |9 310557  |a BIBEDU  |b BIBEDU  |d 2019-11-20  |i 1467158  |o 823.08 JEP 1949  |p 1467158  |r 2019-11-20  |w 2019-11-20  |y BK  |k LIT